| 000 | 00886nas a2200265 4500 | ||
|---|---|---|---|
| 001 | BR9600796 | ||
| 003 | BR-BrBNA | ||
| 005 | 20231205095047.0 | ||
| 007 | ta | ||
| 008 | 230509b bl.|||p| |||| 00| 00por d | ||
| 040 |
_aBR-BrBNA _bpor _cBiblioteca Nacional de Agricultura |
||
| 041 | _a(Pt) | ||
| 072 | _aK10 | ||
| 100 | 1 | _aOhashi, S.T. | |
| 100 | 1 | _aCosta, L.G.S. | |
| 100 | 1 | _aPedroso, L.M. | |
| 245 | 1 | _aEnriquecimento de floresta tropical mecanicamente explorada com as especies Cedrela odorata L. (CEDRO)e Carapa guianensis AUBL. (ANDIROBA), no Planalto de Curua-Una, Para, Brasil | |
| 650 | _aCedro | ||
| 650 | _aAndiroba | ||
| 650 | _aPlantio | ||
| 650 | _aPara | ||
| 773 | 0 |
_tBoletim da Faculdade de Ciencias Agrarias do Para (Brazil) _xISSSN 0100-2694 _g(Dec 1993), (no. 21) p. 3-21 _wBR9600796 |
|
| 909 |
_a202311 _bLúcia _c55 _dLúcia Elande |
||
| 942 |
_2AGRIS _n0 _cANA |
||
| 999 |
_c148506 _d148506 |
||